Dictionary Proximity: Literature Edition Quiz Stats

 Plays Quiz Updated Mar 23, 2020

Support Sporcle.
Go Orange.
Score 0/30 Timer 09:00
0 Plays Today
Proximity Book Actual Book % Correct
The ShindigThe Shining
94.3%
Charlatan's WebsiteCharlotte's Web
91.4%
Of Michigan and MemphisOf Mice and Men
89.4%
Anglers and DemocratsAngels and Demons
87.8%
Warhol and PeacocksWar and Peace
86.9%
Jangly EyesoreJane Eyre
84%
Gonorrhea with the WinkleGone with the Wind
81.3%
The Lorazepam of the RingwormsThe Lord of the Rings
81.2%
The Grannies of WrappingThe Grapes of Wrath
81%
A Talent of Twinkie CitizensA Tale of Two Cities
78.8%
Atlantis ShriveledAtlas Shrugged
77.4%
The Wine in the WillpowerThe Wind in the Willows
76.2%
The Tampon of the ShrimpThe Taming of the Shrew
76.2%
The BibliographyThe Bible
75.7%
A Briefcase Historian of TimbuktuA Brief History of Time
72.4%
Proximity Book Actual Book % Correct
Mad BovineMadame Bovary
63.4%
Cataclysm in the RwandaCatcher in the Rye
58.2%
Valium of the DolphinsValley of the Dolls
57.7%
The Handkerchief's TalkingThe Handmaid's Tale
55%
Annihilation of Greasy GadgetsAnne of Green Gables
53.8%
Dominating QuizmasterDon Quixote
52.6%
The Joviality of SewageThe Joy of Sex
49.4%
Masticating and CommunicatingMaster and Commander
49.4%
The Vertically Hung CatererThe Very Hungry Caterpillar
46.3%
Bratwurst Nevertheless WormyBrave New World
45.4%
The Cantankerous TalibanThe Canterbury Tales
43.6%
Greedy Egocentric and HallucinatingGreen Eggs and Ham
38%
Tugboats with MortgageTuesdays with Morrie
30.8%
The Pillaging of the EarwaxThe Pillars of the Earth
25.9%
The Sassy VertebratesThe Satanic Verses
14.4%

You're not logged in!

Compare scores with friends on all Sporcle quizzes.
OR
Log In

From the Vault

Subcategory Multiple Choice: Language II

by metakoopa99

Only a true polyglot will get 100% on this.
Remove Ads.
Support Sporcle.
Get the best of Sporcle when you Go Orange. This ad-free experience offers more features, more stats, and more fun while also helping to support Sporcle. Thank you for becoming a member.

Show Comments

Extras

Top Quizzes Today


Score Distribution

Your Account Isn't Verified!

In order to create a playlist on Sporcle, you need to verify the email address you used during registration. Go to your Sporcle Settings to finish the process.

Report this User

Report this user for behavior that violates our Community Guidelines.

Details: